Watchmaking #1 - Statistics

General Stats
  • This quiz has been taken 13 times
  • The average score is 6 of 14
Answer Stats
Hint Answer % Correct
Who invented the tourbillon? Abraham Louis Breguet
64%
What German city is well known for watchmaking? Glashutte
64%
Vacheron Constantin
64%
What are the brands of the Holy Trinity? Audemars Piguet
55%
Patek Philippe
55%
What is the Second brand founded by H Wilsdorf? Tudor
55%
Which actor popularized the Rolex Daytona? Paul Newman
45%
What French city is well known for watchmaking? Besançon
36%
What is the oldest watch brand? Blancpain
36%
Who designed the Royal Oak? Gerald Genta
36%
What is the oldest logo in watchmaking? Longines
18%
What brand did M Büsser direct before founding Mb&f? Harry Winston
9%
Name another watch he designed. Historique 222, Laureato
9%
What painting inspired the Cartier Crash? La persistence de la mémoire
9%
No matching quizzes found
Score Distribution
Percent of People with Each Score
Percentile by Number Answered
Your Score History
You have not taken this quiz